000 00591nam a2200229Ia 4500
003 OSt
005 20221005063019.0
006 a|||||r|||| 00| 0
007 ta
008 221004b |||||||| |||| 00| 0 eng d
024 _a68829
037 _cTextual
040 _aCRL
_cCRL
_beng
041 _2eng
_aeng
082 _aY:1.212, M6
100 _aRaghubir Singh
245 0 _aKerala
_b The spice coast of India
260 _aLondon
_bThomes and Hudson
_c1986
650 _aSOCIOLOGY
942 _hY:1.212, M6
_cTEXL
_2cc
999 _c970727
_d970727